Bài tập và các định lí giải tích = Auffgaben und Lehrsatze aus der analysis

Αποθηκεύτηκε σε:
Λεπτομέρειες βιβλιογραφικής εγγραφής
Μορφή: Βιβλίο
Γλώσσα:Undetermined
Έκδοση: Hà Nội ĐH và THCN 1983
Θέματα:
Ετικέτες: Προσθήκη ετικέτας
Δεν υπάρχουν, Καταχωρήστε ετικέτα πρώτοι!
Thư viện lưu trữ: Trung tâm Học liệu Trường Đại học Cần Thơ
LEADER 00526nam a2200157Ia 4500
001 CTU_1318
008 210402s9999 xx 000 0 und d
245 0 |a Bài tập và các định lí giải tích 
245 0 |b = Auffgaben und Lehrsatze aus der analysis 
245 0 |c P Polya, Nguyễn Thủy Thanh 
260 |a Hà Nội 
260 |b ĐH và THCN 
260 |c 1983 
650 |a Hà Nội,Mathematical analysis 
650 |x Problems, exercises 
980 |a Trung tâm Học liệu Trường Đại học Cần Thơ